Summoners War Monsters - Statistics

General Stats
  • This quiz has been taken 19 times
  • The average score is 41 of 168
Answer Stats
Monster % Correct
Dragon
100%
Inugami
85%
Archangel
69%
Beast Monk
69%
Joker
69%
Phoenix
69%
Chimera
62%
Fairy
62%
Fairy King
62%
High Elemental
62%
Low Elemental
62%
Vampire
62%
Cow Girl
54%
Demon
54%
Fairy Queen
54%
Griffon
54%
Ifrit
54%
Dragon Knight
46%
Ghost
46%
Harpy
46%
Imp
46%
Living Armor
46%
Magic Knight
46%
Monkey King
46%
Occult Girl
46%
Paladin
46%
Panda Warrior
46%
Pioneer
46%
Polar Queen
46%
Anubis
38%
Beast Rider
38%
Elemental
38%
Frankenstein
38%
Garuda
38%
Hellhound
38%
Hell Lady
38%
Mystic Witch
38%
Neostone Agent
38%
Slime
38%
Sylph
38%
Warbear
38%
Blade Dancer
31%
Devilmon
31%
Dice Magician
31%
Druid
31%
Dryad
31%
Golem
31%
Harpu
31%
Horus
31%
Mage
31%
Magical Archer
31%
Mimick
31%
Neostone Fighter
31%
Ninja
31%
Onimusha
31%
Oracle
31%
Pixie
31%
Rainbowmon
31%
Sea Emperor
31%
Sky Dancer
31%
Slayer
31%
Sylphid
31%
Totemist
31%
Valkyrja
31%
Art Master
23%
Assassin
23%
Barbaric King
23%
Bearman
23%
Beast Hunter
23%
Boomerang Warrior
23%
Cannon Girl
23%
Chakram Dancer
23%
Death Knight
23%
Desert Queen
23%
Epikion Priest
23%
Forest Keeper
23%
Imp Champion
23%
Inferno
23%
King Angelmon
23%
Lightning Emperor
23%
Martial Cat
23%
Mermaid
23%
ROBO
23%
Samurai
23%
Sandman
23%
Sky Surfer
23%
Striker
23%
Succubus
23%
Surprise Box
23%
Twin Angels
23%
Unicorn
23%
Battle Angel
15%
Black Tea Bunny
15%
Brownie Magician
15%
Grim Reaper
15%
Harp Magician
15%
Howl
15%
Lich
15%
Macaron Guard
15%
Monster Flower
15%
Mummy
15%
Mushroom
15%
Phantom Thief
15%
Pirate Captain
15%
Puppeteer
15%
Rakshasa
15%
Salamander
15%
Serpent
15%
Shadow Claw
15%
Undine
15%
Viking
15%
Werewolf
15%
Yeti
15%
Asura
8%
Battle Mammoth
8%
Battle Scorpion
8%
Blue Angelmon
8%
Blue King Angelmon
8%
Bounty Hunter
8%
Choco Knight
8%
Dark Angelmon
8%
Dark King Angelmon
8%
Desert Warrior
8%
Dokkaebi Lord
8%
Gargoyle
8%
Gold Angelmon
8%
Gold King Angelmon
8%
Harg
8%
Homunculus
8%
Horned Frog
8%
Hypnomeow
8%
Indra
8%
Jack-o'-lantern
8%
Kobold Bomber
8%
Kung Fu Girl
8%
Maned Boar
8%
Martial Artist
8%
Mercenary Queen
8%
Nine-tailed Fox
8%
Onmyouji
8%
Penguin Knight
8%
Pierret
8%
Poison Master
8%
Pudding Princess
8%
Red Angelmon
8%
Red King Angelmon
8%
Shadowcaster
8%
Skull Soldier
8%
String Master
8%
Vagabond
8%
Weapon Master
8%
White Angelmon
8%
White King Angelmon
8%
Amazon
0%
Charger Shark
0%
Devil Maidan
0%
Dokkaebi Princess and Sapsaree
0%
Drunken Master
0%
Elven Ranger
0%
Giant Warrior
0%
Gladiatrix
0%
Lizardman
0%
Minotauros
0%
Mischievous Bat
0%
Rune Blacksmith
0%
Sniper Mk.I
0%
Steel Commander
0%
Taoist
0%
No matching quizzes found
Score Distribution
Percent of People with Each Score
Percentile by Number Answered
Your Score History
You have not taken this quiz